Les 20 chanteuses les plus longtemps au top en France - Statistiques

Statistiques générales
  • Ce quiz a été pris 140 fois
  • Le résultat moyen est 7 sur 20
Statistiques - réponses
Nombre de semaines classées dans le top single en France Artistes féminines francophones % Correct
87 Aya Nakamura
89%
50 Angèle
63%
27 Imen Es
50%
35 Vitaa
50%
22 Zaz
49%
140 Mylene Farmer
48%
36 Louane
45%
39 Jenifer
43%
38 Amel Bent
39%
16 Indila
36%
16 Clara Luciani
34%
60 Shy'm
34%
38 Shay
26%
30 Lorie
23%
7 Yseult
22%
27 Zaho
19%
25 Marwa Loud
16%
31 Eva
11%
22 Nej
5%
21 Ronisia
5%
Aucun quiz correspondant
Distribution des résultats
% des personnes avec chaque résultat
Percentile par nombre de réponses
Votre historique - résultats
Vous n’avez pas pris ce quiz